| 000 | 00598nam a2200193 a 4500 | ||
|---|---|---|---|
| 001 | 000025188 | ||
| 005 | 20240409073640.0 | ||
| 008 | 110211t1957 dr ac r 000 0dfre d | ||
| 040 |
_aDO-SdBNP _bspa _cBNPHU |
||
| 041 | 0 | 7 | _afre |
| 082 | _aF-RD 23 | ||
| 100 | 1 |
_aJesús, Pío de _951669 |
|
| 245 | 1 | 0 |
_aTrujillo et L' alcazar de Don Diego Colomb / _cPío de Jesús. |
| 260 |
_aCiudad Trujillo : _bStella, _c1957. |
||
| 300 |
_a28 p. : _bil., retr. ; _c24 cm. |
||
| 546 | _aFrancés | ||
| 600 | 1 | 0 |
_aTrujillo Molina, Rafael Leónidas, _d 1891-1961 _976764 |
| 910 | _aValidado. Control de calidad. EMS | ||
| 999 |
_c24681 _d24681 |
||